00246nam a2200085Ia 450000500170000000800410001724500750005826000100013399900170014320250523150954.0250523s9999 xx 000 0 und d 0aMidos Kartalı nın Gözleri Gökkuş Diz cGülten Dayıoğlu bALTIN c11933d11933